Choroby z povolania alebo ohrozenia chorobou z povolania v SR ...

Podrobná bibliografia
Médium: Seriál
Jazyk:slovenčina
angličtina
Fyzický popis:grafy, tabuľky 21 cm
Vydavateľské údaje: Bratislava Národné centrum zdravotníckych informácií
Edícia:Zdravotnícka štatistika
Predmet:

MARC

LEADER 00000nas a2200000 4500
001 vtls012075795
003 SK-MaSNL
005 20260425194006.0
008 211103u199u20uuxo ar s 0 b0slo
040 |a SNK  |b slo  |c SNK  |e rda 
041 0 |a slo  |a eng 
043 |a e-xo--- 
044 |a xo  |c SK 
072 7 |a 331  |x Práca  |2 konspekt 
080 |a 331.472  |2 2011 
080 |a (437.6)  |2 2011 
080 |a (048.8:083.41)  |2 2011 
080 |a (058)  |2 2011 
245 0 0 |a Choroby z povolania alebo ohrozenia chorobou z povolania v SR ... 
246 1 1 |a Occupational diseases or threats by occupational diseases in SR ... 
264 1 |a Bratislava  |b Národné centrum zdravotníckych informácií 
300 |b grafy, tabuľky  |c 21 cm 
310 |a 1x ročne 
336 |a text  |b txt  |2 rdacontent 
337 |a bez média  |b n  |2 rdamedia 
338 |a zväzok  |b nc  |2 rdacarrier 
490 1 |a Zdravotnícka štatistika 
500 |a Súčasťou názvu je označenie kalendárneho roku 
500 |a Každé vydanie v edícii je samostatne číslované 
546 |a Súbežný text anglický 
588 |a Popis podľa: 2005 
650 0 7 |a choroby z povolania  |2 SNKPH  |9 2542 
650 0 7 |a Occupational diseases  |2 SNKPHeng  |9 265593 
651 7 |a Slovensko  |2 SNKPHgeo  |9 14231 
651 7 |a Slovakia  |2 SNKPHeng  |9 92630 
655 7 |a štatistické prehľady  |2 SNKPH  |9 70689 
655 7 |a ročenky  |2 SNKPH  |9 57146 
655 7 |a Statistical surveys  |2 SNKPHeng  |9 265594 
655 7 |a Yearbooks  |2 SNKPHeng  |9 120938 
830 0 |a Zdravotnícka štatistika  |9 265595 
999 |c 888  |d 888 
952 |a SNK  |b SNK  |y PREZ  |7 0  |p 17A1431622  |o snkČSC 4209/2005  |i snk2020/16830  |8 1  |0 0  |1 0  |4 0  |d 2021-11-10  |l 0  |r 2026-02-21 19:29:11  |w 2026-02-21 
952 |a SNK  |b SNK  |y PREZ  |7 0  |p 17A1460787  |o snkČSC 4209/2006  |i snk2021/18930  |8 1  |0 0  |1 0  |4 0  |d 2021-11-23  |l 0  |r 2026-02-21 21:29:36  |w 2026-02-21 
952 |a SNK  |b SNK  |y PREZ  |7 0  |p 17A1460788  |o snkČSC 4209/2007  |i snk2021/18931  |8 1  |0 0  |1 0  |4 0  |d 2021-11-23  |l 0  |r 2026-02-21 21:29:37  |w 2026-02-21 
952 |a SNK  |b SNK  |y PREZ  |7 0  |p 17A1460789  |o snkČSC 4209/2008  |i snk2021/18933  |8 1  |0 0  |1 0  |4 0  |d 2021-11-23  |l 0  |r 2026-02-21 21:29:37  |w 2026-02-21